Statistics for Famous Chefs

Click here to take the quiz!

General Stats

  • This quiz has been taken 190 times
  • The average score is 6 of 20

Answer Stats

HintAnswer% Correct
GordonRamsay
98%
JamieOliver
80%
NigellaLawson
68%
AnthonyBourdain
40%
HestonBlumenthal
36%
MarcoPierre White
35%
DeliaSmith
33%
RickStein
32%
RaymondBlanc
25%
InaGarten
23%
KeithFloyd
16%
LorrainePascale
12%
MichelleRoux
12%
MaggieBeer
11%
AntonioCarluccio
8%
Jean-ChristopheNovelli
8%
MonicaGaletti
7%
PierreKoffman
5%
AlexisGauthier
1%
SanjeevKapoor
1%

Score Distribution

Percentile by Number Answered

Percent of People with Each Score

Your Score History

You have not taken this quiz